UEFA European Football Championship Hosts - Statistics

General Stats
  • This quiz has been taken 47 times
  • The average score is 17 of 18
Answer Stats
Year Host(s) % Correct
1996 England
100%
2028 England, Scotland. Ireland, Northern Ireland
100%
1960 France
100%
1984 France
100%
2016 France
100%
1964 Spain
100%
1988 West Germany
100%
2008 Austria & Switzerland
98%
2024 Germany
98%
2012 Poland & Ukraine
98%
2004 Portugal
98%
1976 Yugoslavia
98%
2000 Belgium & Netherlands
95%
1968 Italy
95%
1980 Italy
95%
1992 Sweden
95%
1972 Belgium
76%
2020 Europe-wide
56%
No matching quizzes found
Score Distribution
Percent of People with Each Score
Percentile by Number Answered
Your Score History
You have not taken this quiz